000 00331nam a2200145Ia 4500
008 191201s2007 xx 000 0 und d
082 _a658.3
_bMAH
100 _aMAMORIA, C B
245 0 _aHuman Resource Management
250 _a6th
260 _aN.Delhi
_bExcel Books
_c2007
300 _a398
650 _aMBA
942 _2ddc
_cBK
999 _c2741
_d2741